000 01150njm a22002657a 4500
005 20100901115333.0
006 a|||||r|||||00| 0
007 sd ammalaaahaa
008 100901t xxu||||| |||| 00| 0 eng d
028 _aN 55148
_bHis Master's Voice
035 _aGR-01509
040 _aSED
_cSED
100 _aMangeshkar, Lata
_917891
245 _aAfsana /
_cby Lata Mangeshkar ; music by Chitragupta ; lyrices by Majrooh
_h[Sound recording]
246 _aअफसाना / लता मंगेशकर
260 _aDUM DUM, India
_bHis Master's Voice
_c1966
300 _a1 Sound disc [Gramophone Recording] :
_banalog, 33 1/3 rpm
_c9.5 in. (MP)
_fGramophone Record
500 _aBrief record
505 _aSide-1 जैसे कही लहरा के पवन (Jaese kahi lahra ke pavan) (Lata Mangeshkar) --Side-2 चाँद कितना दूर था (chand kitana dur tha) (Mohd Rafi)
650 _aClassical music
_xExcerpts
_zIndia
_917892
700 _aChitragupta
_919150
700 _aMajrooh
_919099
942 _2ddc
_cGR
999 _c44851
_d44851